CHRISTMAS STYLE (Record no. 243352)

MARC details
000 -LEADER
fixed length control field 00394pam a2200169 a 4500
020 ## - INTERNATIONAL STANDARD BOOK NUMBER
Terms of availability
041 ## - LANGUAGE CODE
Language code of original
082 ## - DEWEY DECIMAL CLASSIFICATION NUMBER
Classification number 641.5941
100 ## - MAIN ENTRY--PERSONAL NAME
Personal name DEBI STARON,
Relator term Author
245 ## - TITLE STATEMENT
Title CHRISTMAS STYLE
Statement of responsibility, etc. DEBI STARON,
Medium Textual Documents
250 ## - EDITION STATEMENT
Edition statement 1st
260 ## - PUBLICATION, DISTRIBUTION, ETC.
Place of publication, distribution, etc. london
Name of publisher, distributor, etc. DORLING KINDERSLEY
300 ## - PHYSICAL DESCRIPTION
Extent 189
653 ## - INDEX TERM--UNCONTROLLED
Uncontrolled term food production
700 ## - ADDED ENTRY--PERSONAL NAME
Personal name BOB PRANGA
Relator term Co-Author
930 ## - EQUIVALENCE OR CROSS-REFERENCE-UNIFORM TITLE HEADING [LOCAL, CANADA]
Uniform title 736

No items available.